[Event "CUB-ch (Women)"]
[Site "Pinar del Rio"]
[Date "2024.02.13"]
[Round "6"]
[White "Ordaz Valdes, Lisandra Teresa"]
[Black "Miranda Llanes, Yerisbel"]
[Result "1/2-1/2"]
[WhiteElo "2310"]
[BlackElo "2262"]
[PlyCount "50"]
[EventDate "2024.02.08"]
[EventType "swiss"]
[EventRounds "10"]
[EventCountry "CUB"]
[SourceTitle "CB08_2024"]
[SourceDate "2024.02.21"]
[SourceVersion "1"]
[SourceVersionDate "2024.02.21"]
[SourceQuality "1"]

1. d4 Nf6 2. c4 e6 3. Nc3 Bb4 4. Qc2 d5 5. a3 Bxc3+ 6. Qxc3 0-0 7. Nf3 dxc4 8. Qxc4 b6 9. Bg5 Bb7 10. Rd1 Nbd7 11. Ne5 Bd5 12. Qc2 c5 13. Nxd7 Qxd7 14. Bxf6 gxf6 15. e4 Bb7 16. dxc5 Qc6 17. Bd3 Rac8 18. Qc3 f5 19. f3 Qxc5 20. Qxc5 Rxc5 21. exf5 exf5 22. Kf2 Rd8 23. Rhe1 Bc8 24. Bb1 Rxd1 25. Rxd1 Be6 1/2-1/2

[Event "CUB-ch (Women)"]
[Site "Pinar del Rio"]
[Date "2024.02.08"]
[Round "1"]
[White "Ordaz Valdes, Lisandra Teresa"]
[Black "Ramon Pita, Vivian"]
[Result "1-0"]
[WhiteElo "2310"]
[BlackElo "2042"]
[PlyCount "119"]
[EventDate "2024.02.08"]
[EventType "swiss"]
[EventRounds "10"]
[EventCountry "CUB"]
[SourceTitle "CB08_2024"]
[SourceDate "2024.02.21"]
[SourceVersion "1"]
[SourceVersionDate "2024.02.21"]
[SourceQuality "1"]

1. d4 Nf6 2. c4 e6 3. Nc3 d5 4. Nf3 Bb4 5. Qa4+ Nc6 6. Bd2 Bd7 7. Qb3 dxc4 8. Qxc4 0-0 9. g3 Bxc3 10. Bxc3 Ne4 11. Bg2 Nxc3 12. Qxc3 Qe7 13. 0-0 f6 14. Rac1 Rac8 15. Rfd1 Rfd8 16. a3 Be8 17. b4 a6 18. Rd2 Nb8 19. Ne1 c6 20. Qe3 Rc7 21. Nd3 Bf7 22. Nf4 Re8 23. Qc3 Rd7 24. Bh3 Rdd8 25. Rcd1 Nd7 26. Nd3 Kf8 27. Kf1 Nb6 28. Nc5 Nd5 29. Qd3 Kg8 30. e4 Nb6 31. Qc3 Nc8 32. a4 Rf8 33. Kg1 Nb6 34. Rd3 Rfe8 35. b5 axb5 36. axb5 cxb5 37. Qa5 Nc4 38. Qxb5 Nd6 39. Qb6 Rb8 40. Rc3 Qd8 41. Qxd8 Rbxd8 42. Rb1 e5 43. dxe5 Rxe5 44. Rd1 Ree8 45. Rcd3 b6 46. Nd7 Nb7 47. Bg4 b5 48. f4 Bc4 49. Rd4 Bb3 50. R1d2 Ra8 51. Be2 Ra1+ 52. Kf2 Ba4 53. Rb2 Re6 54. Bxb5 Bxb5 55. Rxb5 Nd6 56. Rb8+ Ne8 57. e5 Ra2+ 58. Kf3 f5 59. Nc5 Re7 60. Rdd8 1-0

[Event "Iberoamerican-ch 9th"]
[Site "Panama City"]
[Date "2023.11.27"]
[Round "4"]
[White "Ordaz Valdes, Lisandra Teresa"]
[Black "Cuenca Jimenez, Jose Fernando"]
[Result "0-1"]
[WhiteElo "2306"]
[BlackElo "2505"]
[PlyCount "92"]
[EventDate "2023.11.25"]
[EventType "swiss"]
[EventRounds "9"]
[EventCountry "PAN"]
[SourceTitle "CB49_2023"]
[SourceDate "2023.12.06"]
[SourceVersion "1"]
[SourceVersionDate "2023.12.06"]
[SourceQuality "1"]

1. d4 Nf6 2. c4 g6 3. Nc3 Bg7 4. e4 d6 5. h3 Nbd7 6. Bd3 e5 7. d5 a5 8. g4 Nc5 9. Bc2 h5 10. g5 Nh7 11. Nf3 f6 12. Nh4 Nf8 13. Nf3 Qe7 14. Be3 Nh7 15. Qd2 fxg5 16. Nxg5 Bh6 17. h4 Bg4 18. Rg1 Bxg5 19. hxg5 0-0 20. Bd1 Bxd1 21. Qxd1 Rf7 22. Qe2 Na6 23. 0-0-0 Nf8 24. f3 Nd7 25. Rgf1 Raf8 26. Qg2 Ndc5 27. Kb1 Nd7 28. Nb5 Ndc5 29. Nc3 Nd7 30. Nb5 Qd8 31. Bd2 b6 32. Be3 Ndc5 33. Rf2 a4 34. Nc3 Qd7 35. Nb5 Nb7 36. Qf1 Nbc5 37. Rdd2 Nb4 38. Nc3 Ncd3 39. Rxd3 Nxd3 40. Qxd3 Rxf3 41. Rxf3 Rxf3 42. Qe2 Qh3 43. Bc1 Qf1 44. Qc2 h4 45. Qxa4 h3 46. Qe8+ Kh7 0-1

[Event "Che CUB vs Kerala Blitz"]
[Site "Thiruvananthapuram"]
[Date "2023.11.18"]
[Round "6.3"]
[White "Goutham Krishna, H."]
[Black "Ordaz Valdes, Lisandra Teresa"]
[Result "1-0"]
[WhiteElo "2288"]
[BlackElo "2306"]
[PlyCount "63"]
[EventDate "2023.11.18"]
[EventType "schev (blitz)"]
[EventRounds "8"]
[EventCountry "IND"]
[SourceTitle "CB47_2023"]
[SourceDate "2023.11.22"]
[SourceVersion "1"]
[SourceVersionDate "2023.11.22"]
[SourceQuality "1"]
[WhiteTeam "Kerala"]
[BlackTeam "Cuba"]
[WhiteTeamCountry "IND"]
[BlackTeamCountry "CUB"]

1. c4 d6 2. d4 e5 3. Nc3 exd4 4. Qxd4 Nc6 5. Qd2 g6 6. b3 Bg7 7. Bb2 a5 8. g3 Nf6 9. Bg2 0-0 10. Nf3 Be6 11. Rd1 a4 12. Ng5 Bf5 13. Nxa4 h6 14. Nf3 Ne4 15. Qc1 Rxa4 16. bxa4 Bxb2 17. Qxb2 Nc5 18. 0-0 Be4 19. Ne1 Bxg2 20. Kxg2 Qa8 21. Nd3 Nxa4 22. Qd2 b6 23. f3 Nc5 24. Qxh6 Nxd3 25. exd3 Qxa2+ 26. Rf2 Qb3 27. Re1 Ne5 28. Re4 f5 29. Rh4 Kf7 30. d4 Nd3 31. Re2 Kf6 32. Qxf8+ 1-0

[Event "Che CUB vs Kerala Blitz"]
[Site "Thiruvananthapuram"]
[Date "2023.11.18"]
[Round "7.2"]
[White "Jubin, Jimmy"]
[Black "Ordaz Valdes, Lisandra Teresa"]
[Result "1-0"]
[WhiteElo "2452"]
[BlackElo "2306"]
[PlyCount "71"]
[EventDate "2023.11.18"]
[EventType "schev (blitz)"]
[EventRounds "8"]
[EventCountry "IND"]
[SourceTitle "CB47_2023"]
[SourceDate "2023.11.22"]
[SourceVersion "1"]
[SourceVersionDate "2023.11.22"]
[SourceQuality "1"]
[WhiteTeam "Kerala"]
[BlackTeam "Cuba"]
[WhiteTeamCountry "IND"]
[BlackTeamCountry "CUB"]

1. d4 c5 2. d5 e5 3. c4 d6 4. Nc3 Be7 5. g3 h5 6. h4 Nf6 7. Bg2 a6 8. a4 a5 9. Nf3 Na6 10. 0-0 Nb4 11. Ne1 Bg4 12. Na2 Qd7 13. Bg5 Ng8 14. Bd2 Bh3 15. Nc3 Nh6 16. Nb5 Bxg2 17. Nxg2 Ng4 18. e4 0-0 19. f3 Nf6 20. Ne3 g6 21. Kg2 Rae8 22. Bxb4 cxb4 23. c5 dxc5 24. Nc4 Bd8 25. Rc1 b6 26. Qd2 Re7 27. Qg5 Nh7 28. Qh6 Ree8 29. Rce1 Bc7 30. Kf2 Kh8 31. Ke2 f5 32. Qxg6 Rg8 33. Qxh5 Rxg3 34. Nxc7 Qxc7 35. Qxe8+ Rg8 36. Qh5 1-0

[Event "Che CUB vs Kerala Blitz"]
[Site "Thiruvananthapuram"]
[Date "2023.11.18"]
[Round "2.3"]
[White "Ordaz Valdes, Lisandra Teresa"]
[Black "Goutham Krishna, H."]
[Result "0-1"]
[WhiteElo "2306"]
[BlackElo "2288"]
[PlyCount "66"]
[EventDate "2023.11.18"]
[EventType "schev (blitz)"]
[EventRounds "8"]
[EventCountry "IND"]
[SourceTitle "CB47_2023"]
[SourceDate "2023.11.22"]
[SourceVersion "1"]
[SourceVersionDate "2023.11.22"]
[SourceQuality "1"]
[WhiteTeam "Cuba"]
[BlackTeam "Kerala"]
[WhiteTeamCountry "CUB"]
[BlackTeamCountry "IND"]

1. d4 Nf6 2. c4 g6 3. Nc3 Bg7 4. e4 0-0 5. Be2 d6 6. Bg5 Na6 7. h4 h6 8. Be3 c5 9. d5 e6 10. dxe6 Bxe6 11. Qd2 h5 12. Bf4 Qa5 13. Bxd6 Rfd8 14. e5 Ne8 15. Nf3 Bg4 16. Nb5 Nb4 17. 0-0 Bxf3 18. Bxf3 Bxe5 19. Bxb7 Bxd6 20. Nxd6 Rxd6 21. Qf4 Rad8 22. a3 Nc6 23. Rfe1 Qc7 24. Bxc6 Rxc6 25. Qf3 Ng7 26. Re2 Nf5 27. Ree1 Nxh4 28. Qh3 Nf5 29. b4 cxb4 30. axb4 Rxc4 31. b5 Rc2 32. Qa3 Qf4 33. Qa5 Qxf2+ 0-1

[Event "Che CUB vs Kerala Blitz"]
[Site "Thiruvananthapuram"]
[Date "2023.11.18"]
[Round "8.1"]
[White "Ordaz Valdes, Lisandra Teresa"]
[Black "Narayanan, Sunilduth Lyna"]
[Result "0-1"]
[WhiteElo "2306"]
[BlackElo "2668"]
[PlyCount "50"]
[EventDate "2023.11.18"]
[EventType "schev (blitz)"]
[EventRounds "8"]
[EventCountry "IND"]
[SourceTitle "CB47_2023"]
[SourceDate "2023.11.22"]
[SourceVersion "1"]
[SourceVersionDate "2023.11.22"]
[SourceQuality "1"]
[WhiteTeam "Cuba"]
[BlackTeam "Kerala"]
[WhiteTeamCountry "CUB"]
[BlackTeamCountry "IND"]

1. d4 g6 2. c4 Bg7 3. e4 d6 4. Nc3 c5 5. d5 e6 6. Bd3 Nd7 7. f4 exd5 8. exd5 Qe7+ 9. Nce2 Ngf6 10. Nf3 0-0 11. 0-0 b5 12. Nc3 bxc4 13. Re1 Qd8 14. Bxc4 Nb6 15. Bb3 c4 16. Bc2 Bb7 17. f5 Nbxd5 18. Nxd5 Nxd5 19. fxg6 hxg6 20. Be4 Qb6+ 21. Kh1 Nb4 22. Bxb7 Qxb7 23. Bf4 Nd3 24. Qd2 Nxe1 25. Rxe1 Qxb2 0-1

[Event "Che CUB vs Kerala Classic"]
[Site "Thiruvananthapuram"]
[Date "2023.11.17"]
[Round "1.4"]
[White "Nimmy, A George"]
[Black "Ordaz Valdes, Lisandra Teresa"]
[Result "1-0"]
[WhiteElo "2129"]
[BlackElo "2306"]
[PlyCount "75"]
[EventDate "2023.11.17"]
[EventType "team"]
[EventRounds "1"]
[EventCountry "IND"]
[SourceTitle "CB47_2023"]
[SourceDate "2023.11.22"]
[SourceVersion "1"]
[SourceVersionDate "2023.11.22"]
[SourceQuality "1"]
[WhiteTeam "Kerala"]
[BlackTeam "Cuba"]
[WhiteTeamCountry "IND"]
[BlackTeamCountry "CUB"]

1. e4 e5 2. Nf3 Nf6 3. Nxe5 d6 4. Nf3 Nxe4 5. Nc3 Nxc3 6. dxc3 Be7 7. Bf4 Nd7 8. Qd2 0-0 9. 0-0-0 Nc5 10. Nd4 Re8 11. f3 Ne6 12. Nxe6 Bxe6 13. Kb1 a6 14. g4 d5 15. h4 c5 16. Bg5 Qa5 17. Bxe7 Rxe7 18. a3 b5 19. h5 d4 20. Qg5 Qd8 21. h6 f6 22. Qxc5 Rc8 23. Rxd4 Rd7 24. Rxd7 Qxd7 25. Qd4 Qc6 26. Be2 Bf7 27. Bd3 Qxf3 28. Be4 Qg3 29. hxg7 Re8 30. b3 Qe5 31. Bxh7+ Kxg7 32. Bf5 Bg6 33. Qd3 Bf7 34. Rh7+ Kf8 35. Bg6 Bg8 36. Bxe8 Bxh7 37. Qxh7 Kxe8 38. Qh5+ 1-0

[Event "Katowice POL-HUN 10th"]
[Site "Katowice"]
[Date "2023.09.10"]
[Round "6"]
[White "Dwilewicz, Katarzyna"]
[Black "Ordaz Valdes, Lisandra Teresa"]
[Result "0-1"]
[WhiteElo "2098"]
[BlackElo "2324"]
[PlyCount "90"]
[EventDate "2023.09.09"]
[EventType "swiss (rapid)"]
[EventRounds "9"]
[EventCountry "POL"]
[SourceTitle "EXT 2024"]
[Source "ChessBase"]
[SourceDate "2023.10.10"]
[SourceVersion "1"]
[SourceVersionDate "2023.10.10"]
[SourceQuality "1"]

1. e4 e5 2. Nf3 Nc6 3. Bc4 Bc5 4. c3 Nf6 5. d3 d6 6. 0-0 0-0 7. h3 h6 8. Re1 a6 9. Bb3 Ba7 10. Nbd2 Ne7 11. Nh4 Be6 12. Nf1 Qd7 13. Qf3 Nh7 14. Ng3 Ng5 15. Bxg5 hxg5 16. Nhf5 g6 17. Ne3 Kg7 18. Bxe6 Qxe6 19. Qg4 Qxg4 20. hxg4 Rh8 21. f3 Raf8 22. Kf1 Rh2 23. Kg1 Rh7 24. Kf1 Rfh8 25. Ke2 Rh2 26. Kf2 f5 27. exf5 gxf5 28. gxf5 Nd5 29. Ngf1 Rh1 30. d4 Nxe3 31. Nxe3 Rxe1 32. Rxe1 exd4 33. cxd4 Bxd4 34. b3 Re8 35. Re2 c5 36. g3 Kf6 37. a4 b5 38. axb5 axb5 39. f4 gxf4 40. gxf4 Rxe3 41. Rxe3 Kxf5 42. Kf3 Bxe3 43. Kxe3 d5 44. Kf3 d4 45. b4 c4 0-1

[Event "Katowice POL-HUN 10th"]
[Site "Katowice"]
[Date "2023.09.10"]
[Round "7"]
[White "Ordaz Valdes, Lisandra Teresa"]
[Black "Kasperek, Ryszard"]
[Result "1/2-1/2"]
[WhiteElo "2324"]
[BlackElo "2041"]
[PlyCount "90"]
[EventDate "2023.09.09"]
[EventType "swiss (rapid)"]
[EventRounds "9"]
[EventCountry "POL"]
[SourceTitle "EXT 2024"]
[Source "ChessBase"]
[SourceDate "2023.10.10"]
[SourceVersion "1"]
[SourceVersionDate "2023.10.10"]
[SourceQuality "1"]

1. d4 Nf6 2. c4 c5 3. d5 g6 4. Nc3 Bg7 5. e4 d6 6. f4 0-0 7. Nf3 e6 8. dxe6 Bxe6 9. Bd3 Bg4 10. 0-0 Nc6 11. h3 Bxf3 12. Qxf3 Nd4 13. Qf2 a6 14. Bd2 b5 15. Rae1 b4 16. Nd1 Nd7 17. Kh1 a5 18. Ne3 a4 19. Bc1 Ra7 20. Bb1 a3 21. bxa3 bxa3 22. f5 Rb7 23. Bxa3 Qa5 24. Bb2 Rxb2 25. Qxb2 Nxf5 26. Qf2 Nxe3 27. Qxe3 Bd4 28. Qg5 Ne5 29. Rc1 Qa3 30. Qe7 Qa6 31. Rcd1 Qxc4 32. Qxd6 Qe2 33. Rde1 Qh5 34. Qd5 Qh4 35. Rd1 Rd8 36. Qb3 Kh8 37. Bc2 Ng4 38. Qxf7 Ne3 39. Bb3 Qg3 40. Qf3 Qxf3 41. gxf3 c4 42. Bxc4 Nxc4 43. Rd3 Ne5 44. Rd2 Nc4 45. Rd3 Ne5 1/2-1/2

[Event "FIDE World Cup (Women)"]
[Site "Baku"]
[Date "2023.07.31"]
[Round "1.2"]
[White "Ordaz Valdes, Lisandra Teresa"]
[Black "Yu, Jennifer R"]
[Result "1/2-1/2"]
[WhiteElo "2318"]
[BlackElo "2303"]
[PlyCount "128"]
[EventDate "2023.07.30"]
[EventType "k.o."]
[EventRounds "7"]
[EventCountry "AZE"]
[SourceTitle "EXT 2024"]
[Source "ChessBase"]
[SourceDate "2023.10.10"]
[SourceVersion "1"]
[SourceVersionDate "2023.10.10"]
[SourceQuality "1"]

1. d4 g6 2. c4 Bg7 3. e4 d6 4. Nc3 Nd7 5. Be2 e5 6. d5 h6 7. h4 f5 8. h5 Ndf6 9. hxg6 Ne7 10. exf5 Bxf5 11. Bd3 Qd7 12. Nge2 Bxg6 13. Ng3 0-0-0 14. Qc2 Bxd3 15. Qxd3 Qg4 16. Qe2 Qg6 17. Nce4 Kb8 18. Nxf6 Bxf6 19. Qe4 Rdg8 20. Qxg6 Rxg6 21. Rh5 Rg4 22. b3 Bg7 23. Be3 c6 24. dxc6 bxc6 25. Rd1 d5 26. Bc5 Ng6 27. Nf5 Bf8 28. Bxf8 Rxf8 29. Ne3 Re4 30. cxd5 Nf4 31. Rh2 cxd5 32. g3 d4 33. gxf4 exf4 34. Rd3 fxe3 35. fxe3 dxe3 36. Rh3 Rf2 37. Rdxe3 Rxe3+ 38. Rxe3 Rxa2 39. Rh3 Ra6 40. Kd2 Re6 41. Kc3 Kc7 42. Kd4 Kc6 43. Rh5 Rd6+ 44. Kc4 Kd7 45. b4 Kc7 46. Rf5 Rg6 47. Rh5 Rc6+ 48. Kd4 Rb6 49. Kc4 Kd7 50. b5 Rd6 51. Rh1 Ke8 52. Ra1 Rd7 53. Ra6 Rc7+ 54. Kd5 Rd7+ 55. Kc4 Rh7 56. b6 axb6 57. Rxb6 Kd8 58. Ra6 Kc8 59. Kd4 Kb7 60. Rg6 Kc7 61. Ke4 Kd7 62. Ra6 Rh8 63. Kf4 h5 64. Kg3 Ke7 1/2-1/2

[Event "CUB-ch (Women)"]
[Site "Camaguey"]
[Date "2023.02.20"]
[Round "11"]
[White "Ordaz Valdes, Lisandra Teresa"]
[Black "Forgas Moreno, Yaniela"]
[Result "0-1"]
[WhiteElo "2312"]
[BlackElo "2304"]
[PlyCount "48"]
[EventDate "2023.02.09"]
[EventType "tourn"]
[EventRounds "11"]
[EventCountry "CUB"]
[SourceTitle "CBM 213 Extra"]
[Source "ChessBase"]
[SourceDate "2023.05.31"]
[SourceVersion "1"]
[SourceVersionDate "2023.05.31"]
[SourceQuality "1"]

1. d4 Nf6 2. c4 d6 3. Nc3 e5 4. Nf3 e4 5. Ng5 Bf5 6. g4 Nxg4 7. Ngxe4 Be7 8. Ng3 Bg6 9. Bg2 c6 10. e4 h5 11. h3 Nf6 12. Be3 h4 13. Nge2 Nh5 14. Qd2 Nd7 15. Rg1 Qa5 16. Bh1 0-0-0 17. 0-0-0 Kb8 18. f4 Nb6 19. b3 Bh7 20. Bf3 Ng3 21. Nxg3 hxg3 22. Ne2 Qa3+ 23. Qb2 d5 24. exd5 Nxc4 0-1

[Event "CUB-ch (Women)"]
[Site "Camaguey"]
[Date "2023.02.09"]
[Round "1"]
[White "Cabrera Ladron de Guevara, Mayra"]
[Black "Ordaz Valdes, Lisandra Teresa"]
[Result "0-1"]
[WhiteElo "1923"]
[BlackElo "2312"]
[PlyCount "140"]
[EventDate "2023.02.09"]
[EventType "tourn"]
[EventRounds "11"]
[EventCountry "CUB"]
[SourceTitle "CBM 213 Extra"]
[Source "ChessBase"]
[SourceDate "2023.05.31"]
[SourceVersion "1"]
[SourceVersionDate "2023.05.31"]
[SourceQuality "1"]

1. e4 e5 2. Nf3 Nc6 3. Bc4 Bc5 4. c3 Nf6 5. d3 0-0 6. 0-0 Bb6 7. Nbd2 d6 8. h3 Ne7 9. Bb3 c6 10. Re1 Ng6 11. Nf1 Re8 12. Ng3 Be6 13. Ng5 Bxb3 14. Qxb3 d5 15. Be3 Nd7 16. Nf3 Bxe3 17. fxe3 Nc5 18. Qc2 dxe4 19. dxe4 Qd3 20. Qxd3 Nxd3 21. Re2 Nc5 22. Rd2 a5 23. Rad1 a4 24. Ne1 Nf8 25. Nd3 Nfd7 26. Nxc5 Nxc5 27. Rd6 g6 28. Kf1 Kf8 29. Ke2 Re6 30. Rxe6 Nxe6 31. Rd7 Nc5 32. Rd2 Ke7 33. Kf3 b5 34. Ne2 h5 35. h4 Rd8 36. Rxd8 Kxd8 37. Nc1 Ke7 38. b4 axb3 39. axb3 Kd6 40. b4 Na4 41. Ne2 Nb2 42. Nc1 Na4 43. Ne2 Ke6 44. g4 hxg4+ 45. Kxg4 Nb2 46. h5 gxh5+ 47. Kxh5 Nd1 48. Kg4 Nxe3+ 49. Kf3 Nd1 50. Kg4 Kf6 51. Kh5 Kg7 52. Kg5 f6+ 53. Kf5 Kf7 54. Kg4 Kg6 55. Kf3 Kg5 56. Kg3 Kh5 57. Kf3 Kg5 58. Kg3 f5 59. exf5 Kxf5 60. Kf3 e4+ 61. Kg3 Ke5 62. Kg4 Kd5 63. Kf4 Kc4 64. Nd4 e3 65. Nxc6 e2 66. Ne5+ Kxc3 67. Nf3 Kxb4 68. Nd4 Nc3 69. Kf3 Kc4 70. Nc2 Kd3 0-1

[Event "American Continental (Women)"]
[Site "Cuenca"]
[Date "2022.12.10"]
[Round "9"]
[White "Gomez Barrera, Javiera Belen"]
[Black "Ordaz Valdes, Lisandra Teresa"]
[Result "0-1"]
[WhiteElo "2140"]
[BlackElo "2308"]
[PlyCount "112"]
[EventDate "2022.12.05"]
[EventType "swiss"]
[EventRounds "9"]
[EventCountry "ECU"]
[SourceTitle "CBM 211 Extra"]
[Source "ChessBase"]
[SourceDate "2023.01.31"]
[SourceVersion "1"]
[SourceVersionDate "2023.01.31"]
[SourceQuality "1"]

1. e4 e5 2. Nf3 Nc6 3. Bc4 Bc5 4. c3 Nf6 5. d3 d6 6. 0-0 0-0 7. h3 Ne7 8. Re1 Ng6 9. Nbd2 Bb6 10. d4 c6 11. Bd3 Re8 12. Bc2 h6 13. b4 Be6 14. dxe5 dxe5 15. Nb3 Qxd1 16. Bxd1 Rad8 17. Bc2 Bc4 18. a4 Bxb3 19. Bxb3 Rd3 20. a5 Bd4 21. cxd4 Rxb3 22. Be3 a6 23. dxe5 Nxe5 24. Nd2 Rxb4 25. Rab1 Rb5 26. Rxb5 axb5 27. f3 Ra8 28. Bd4 Nfd7 29. Nb3 Nc4 30. Bc3 b6 31. Rd1 Nc5 32. Nd4 Na4 33. Ba1 Rd8 34. Rc1 Nxa5 35. Kf2 Nc5 36. Ke3 Nab3 37. Nxb3 Nxb3 38. Rb1 Na5 39. Bc3 Nc4+ 40. Ke2 Ra8 41. Ra1 Rxa1 42. Bxa1 b4 43. Kd3 b5 44. Bd4 b3 45. f4 f6 46. g4 Kf7 47. f5 b2 48. Kc2 b1Q+ 49. Kxb1 Nd2+ 50. Kc2 Nxe4 51. Kd3 Ng5 52. Be3 Nxh3 53. Bc5 Ng5 54. Ke3 Ke8 55. Bb4 Nf7 56. Ke4 Ne5 0-1

[Event "American Continental (Women)"]
[Site "Cuenca"]
[Date "2022.12.09"]
[Round "7"]
[White "Perez Rodriguez, Jennifer"]
[Black "Ordaz Valdes, Lisandra Teresa"]
[Result "1/2-1/2"]
[WhiteElo "2210"]
[BlackElo "2308"]
[PlyCount "42"]
[EventDate "2022.12.05"]
[EventType "swiss"]
[EventRounds "9"]
[EventCountry "ECU"]
[SourceTitle "CBM 211 Extra"]
[Source "ChessBase"]
[SourceDate "2023.01.31"]
[SourceVersion "1"]
[SourceVersionDate "2023.01.31"]
[SourceQuality "1"]

1. b4 Nf6 2. Bb2 e6 3. a3 d5 4. Nf3 c5 5. bxc5 Bxc5 6. e3 0-0 7. c4 Be7 8. d4 dxc4 9. Bxc4 Nc6 10. 0-0 b6 11. Nbd2 Bb7 12. e4 Na5 13. Bd3 Rc8 14. Qe2 b5 15. Rac1 Qb6 16. Ne5 Rfd8 17. Kh1 Bf8 18. f3 g6 19. Rb1 a6 20. Rfc1 Rxc1+ 21. Rxc1 Rc8 1/2-1/2

[Event "Medellin Raza Cup"]
[Site "Medellin"]
[Date "2022.10.22"]
[Round "7"]
[White "Carrillo Parra, Miguel Alfredo"]
[Black "Ordaz Valdes, Lisandra Teresa"]
[Result "1-0"]
[WhiteElo "2245"]
[BlackElo "2326"]
[PlyCount "67"]
[EventDate "2022.10.19"]
[EventType "swiss"]
[EventRounds "10"]
[EventCountry "COL"]
[SourceTitle "EXT 2024"]
[Source "ChessBase"]
[SourceDate "2023.10.10"]
[SourceVersion "1"]
[SourceVersionDate "2023.10.10"]
[SourceQuality "1"]

1. d4 d5 2. c4 e6 3. Nc3 Be7 4. Nf3 Nf6 5. Bg5 h6 6. Bxf6 Bxf6 7. cxd5 exd5 8. e3 0-0 9. Bd3 Re8 10. 0-0 c6 11. b4 a5 12. b5 c5 13. Rc1 c4 14. Bb1 Be6 15. e4 dxe4 16. Bxe4 Bg4 17. Bxb7 Ra7 18. Bc6 Nxc6 19. bxc6 Bg5 20. Rb1 Bf5 21. Rb5 Bd3 22. Re1 Bf6 23. Nd5 Re4 24. Rxe4 Bxe4 25. c7 Rxc7 26. Nxc7 Qxc7 27. Rc5 Qb8 28. Rxc4 Bxf3 29. gxf3 Qf4 30. Rc8+ Kh7 31. Qc2+ g6 32. Qc7 Qg5+ 33. Kf1 Kg7 34. Qc5 1-0

[Event "Medellin Raza Cup"]
[Site "Medellin"]
[Date "2022.10.19"]
[Round "1"]
[White "Ruiz Jaraba, Valentina Sofia"]
[Black "Ordaz Valdes, Lisandra Teresa"]
[Result "0-1"]
[WhiteElo "1835"]
[BlackElo "2326"]
[PlyCount "99"]
[EventDate "2022.10.19"]
[EventType "swiss"]
[EventRounds "10"]
[EventCountry "COL"]
[SourceTitle "EXT 2024"]
[Source "ChessBase"]
[SourceDate "2023.10.10"]
[SourceVersion "1"]
[SourceVersionDate "2023.10.10"]
[SourceQuality "1"]

1. e4 e5 2. Nf3 Nc6 3. Bb5 g6 4. d4 exd4 5. Nxd4 Bg7 6. Be3 Nf6 7. Nc3 0-0 8. 0-0 Ng4 9. Nxc6 dxc6 10. Qxd8 Rxd8 11. Bg5 Re8 12. Bd3 Ne5 13. Be2 h6 14. Be3 Be6 15. Rfd1 Bc4 16. Bd4 Bxe2 17. Nxe2 Nc4 18. Bxg7 Kxg7 19. Rd4 Nd6 20. f3 f5 21. Ng3 fxe4 22. Nxe4 Nxe4 23. fxe4 Rad8 24. Rad1 Rxd4 25. Rxd4 Re7 26. Kf2 Kf7 27. Ke3 Ke8 28. Ra4 a6 29. Rb4 b6 30. Rc4 c5 31. a4 a5 32. c3 Kd7 33. b4 Kd6 34. Kf4 Re5 35. h4 g5+ 36. hxg5 hxg5+ 37. Kg4 Ke6 38. g3 Kf6 39. bxa5 bxa5 40. Kh5 Kg7 41. Kg4 Kg6 42. Kh3 Kh5 43. g4+ Kg6 44. Kg3 Kf6 45. Kf3 Ke6 46. Ke3 Kd7 47. Kd3 Ke6 48. Ke3 Ke7 49. Kd3 Kd6 50. Ke3 0-1

[Event "Olympiad Women-44"]
[Site "Chennai"]
[Date "2022.08.07"]
[Round "9.1"]
[White "Worek, Joanna"]
[Black "Ordaz Valdes, Lisandra Teresa"]
[Result "0-1"]
[WhiteElo "2280"]
[BlackElo "2367"]
[PlyCount "50"]
[EventDate "2022.07.29"]
[EventType "team-swiss"]
[EventRounds "11"]
[EventCountry "IND"]
[SourceTitle "CBM 210"]
[Source "ChessBase"]
[SourceDate "2022.10.31"]
[SourceVersion "1"]
[SourceVersionDate "2022.10.31"]
[SourceQuality "1"]
[WhiteTeam "Czech Republic (W)"]
[BlackTeam "Cuba (W)"]
[WhiteTeamCountry "CZE"]
[BlackTeamCountry "CUB"]

1. e4 e5 2. Nf3 Nc6 3. d4 exd4 4. Nxd4 Qf6 5. Nf3 Bb4+ 6. c3 Bc5 7. Be2 Nge7 8. 0-0 h6 9. a3 a5 10. c4 d6 11. Nc3 0-0 12. Rb1 Bg4 13. Nb5 Bb6 14. Ne1 Be6 15. b3 Qg6 16. Bf3 Ne5 17. Nd3 Nxf3+ 18. Qxf3 Bg4 19. Qf4 Be2 20. Ne1 Bxf1 21. Kxf1 Nc6 22. Nf3 Rae8 23. Nc3 f5 24. Nh4 Qf6 25. Nd5 Qd4 0-1

[Event "Olympiad Women-44"]
[Site "Chennai"]
[Date "2022.08.03"]
[Round "6.1"]
[White "Ordaz Valdes, Lisandra Teresa"]
[Black "Castrillon Gomez, Melissa"]
[Result "1/2-1/2"]
[WhiteElo "2367"]
[BlackElo "2230"]
[PlyCount "184"]
[EventDate "2022.07.29"]
[EventType "team-swiss"]
[EventRounds "11"]
[EventCountry "IND"]
[SourceTitle "CBM 210"]
[Source "ChessBase"]
[SourceDate "2022.10.31"]
[SourceVersion "1"]
[SourceVersionDate "2022.10.31"]
[SourceQuality "1"]
[WhiteTeam "Cuba (W)"]
[BlackTeam "Colombia (W)"]
[WhiteTeamCountry "CUB"]
[BlackTeamCountry "COL"]

1. d4 Nf6 2. c4 c5 3. d5 b5 4. cxb5 a6 5. bxa6 g6 6. Nc3 Bg7 7. e4 0-0 8. Bc4 Qa5 9. a7 Qxa7 10. Nf3 Ba6 11. Nd2 d6 12. 0-0 Bxc4 13. Nxc4 Qa6 14. Qe2 Nbd7 15. a4 Rfb8 16. Ra3 Nb6 17. Nb5 Nxc4 18. Qxc4 Ne8 19. Qc2 Qb7 20. Bd2 Qd7 21. Rc1 Rb7 22. Rh3 Nc7 23. Nc3 Rab8 24. Rb1 Rb3 25. a5 Na6 26. Rg3 Be5 27. f4 Bd4+ 28. Kh1 c4 29. Nd1 Rxg3 30. hxg3 Qg4 31. Be3 Bxe3 32. Nxe3 Qxg3 33. Nxc4 Qxf4 34. Kg1 Nc5 35. b4 Nxe4 36. a6 Nf6 37. b5 Ng4 38. g3 Qd4+ 39. Kh1 Qxd5+ 40. Qg2 Qh5+ 41. Kg1 Qc5+ 42. Kh1 Rxb5 43. Rxb5 Qxb5 44. Qa2 Qd5+ 45. Kg1 Qd4+ 46. Kh1 Qa7 47. Qe2 Qxa6 48. Qxg4 Qa1+ 49. Kh2 d5 50. Ne3 Qc3 51. Qe2 e6 52. Ng4 h5 53. Ne5 Kg7 54. Nd3 Qf6 55. Ne5 h4 56. Qe3 hxg3+ 57. Kxg3 g5 58. Nd3 Qe7 59. Kg4 f6 60. Nc5 Kf7 61. Qd4 Kg6 62. Kf3 Qd6 63. Qd3+ f5 64. Qb5 Qf4+ 65. Kg2 Qd2+ 66. Kf1 Qc1+ 67. Kf2 Qc2+ 68. Ke1 Qc3+ 69. Kf2 Qd4+ 70. Kg2 Kh5 71. Qe8+ Kg4 72. Nxe6 Qb2+ 73. Kf1 Kg3 74. Ke1 Qe5+ 75. Kd2 f4 76. Qg6 Qe3+ 77. Kd1 g4 78. Qh6 d4 79. Ng7 Qg1+ 80. Ke2 f3+ 81. Kd3 Qe3+ 82. Qxe3 dxe3 83. Kxe3 f2 84. Nh5+ Kg2 85. Nf4+ Kg1 86. Ne2+ Kf1 87. Ng3+ Kg2 88. Kf4 Kh3 89. Nf1 g3 90. Nxg3 Kg2 91. Kg4 f1Q 92. Nxf1 Kxf1 1/2-1/2